C++ How To Program (Record no. 24686)
[ view plain ]
| 000 -LEADER | |
|---|---|
| fixed length control field | 00392nam a22001817a 4500 |
| 003 - CONTROL NUMBER IDENTIFIER | |
| control field | OSt |
| 005 - DATE AND TIME OF LATEST TRANSACTION | |
| control field | 20211228151204.0 |
| 008 - FIXED-LENGTH DATA ELEMENTS--GENERAL INFORMATION | |
| fixed length control field | 211228b |||||||| |||| 00| 0 eng d |
| 020 ## - INTERNATIONAL STANDARD BOOK NUMBER | |
| International Standard Book Number | 9788120349995 |
| 040 ## - CATALOGING SOURCE | |
| Transcribing agency | HU |
| 082 ## - DEWEY DECIMAL CLASSIFICATION NUMBER | |
| Classification number | 005.133 |
| 100 ## - MAIN ENTRY--PERSONAL NAME | |
| Personal name | Deitel Paul |
| 9 (RLIN) | 25790 |
| 245 ## - TITLE STATEMENT | |
| Title | C++ How To Program |
| 250 ## - EDITION STATEMENT | |
| Edition statement | 9th |
| 260 ## - PUBLICATION, DISTRIBUTION, ETC. | |
| Place of publication, distribution, etc. | USA |
| Name of publisher, distributor, etc. | USA |
| 300 ## - PHYSICAL DESCRIPTION | |
| Type of unit | 1028 |
| 942 ## - ADDED ENTRY ELEMENTS (KOHA) | |
| Source of classification or shelving scheme | Dewey Decimal Classification |
| Koha item type | Books like text book referance book |
| Suppress in OPAC | No |
| Withdrawn status | Lost status | Source of classification or shelving scheme | Damaged status | Not for loan | Home library | Current library | Shelving location | Date acquired | Total Checkouts | Full call number | Barcode | Date last seen | Copy number | Price effective from | Koha item type |
|---|---|---|---|---|---|---|---|---|---|---|---|---|---|---|---|
| Dewey Decimal Classification | IoT Library | IoT Library | General Stacks | 12/28/2021 | 005.133/DEI/2004 | IOTL0001769 | 12/28/2021 | 1 | 12/28/2021 | Books like text book referance book | |||||
| Dewey Decimal Classification | IoT Library | IoT Library | General Stacks | 12/28/2021 | 005.133/DEI/2004 | IOTL0001770 | 12/28/2021 | 2 | 12/28/2021 | Books like text book referance book | |||||
| Dewey Decimal Classification | IoT Library | IoT Library | General Stacks | 12/28/2021 | 005.133/DEI/2004 | IOTL0001771 | 12/28/2021 | 3 | 12/28/2021 | Books like text book referance book | |||||
| Dewey Decimal Classification | IoT Library | IoT Library | General Stacks | 12/28/2021 | 005.133/DEI/2004 | IOTL0001772 | 12/28/2021 | 4 | 12/28/2021 | Books like text book referance book | |||||
| Dewey Decimal Classification | IoT Library | IoT Library | General Stacks | 12/28/2021 | 005.133/DEI/2004 | IOTL0001773 | 12/28/2021 | 5 | 12/28/2021 | Books like text book referance book | |||||
| Dewey Decimal Classification | IoT Library | IoT Library | General Stacks | 11/22/2022 | 005.133/DEL/2004 | IOTL0021583 | 11/22/2022 | 6 | 11/22/2022 | Books like text book referance book | |||||
| Dewey Decimal Classification | IoT Library | IoT Library | General Stacks | 12/22/2022 | 005.133/DEL/2004 | IOTL0022223 | 12/22/2022 | 7 | 12/22/2022 | Books like text book referance book | |||||
| Dewey Decimal Classification | IoT Library | IoT Library | General Stacks | 12/22/2022 | 005.133/DEL/2004 | IOTL0022224 | 12/22/2022 | 8 | 12/22/2022 | Books like text book referance book | |||||
| Dewey Decimal Classification | IoT Library | IoT Library | General Stacks | 12/22/2022 | 005.133/DEL/2004 | IOTL0022225 | 12/22/2022 | 9 | 12/22/2022 | Books like text book referance book | |||||
| Dewey Decimal Classification | IoT Library | IoT Library | General Stacks | 01/04/2023 | 005.133/DEL/2004 | IOTL0022235 | 01/04/2023 | 10 | 01/04/2023 | Books like text book referance book | |||||
| Dewey Decimal Classification | IoT Library | IoT Library | General Stacks | 01/04/2023 | 005.133/DEL/2004 | IOTL0022236 | 01/04/2023 | 11 | 01/04/2023 | Books like text book referance book | |||||
| Dewey Decimal Classification | IoT Library | IoT Library | General Stacks | 01/04/2023 | 005.133/DEL/2004 | IOTL0022237 | 01/04/2023 | 12 | 01/04/2023 | Books like text book referance book | |||||
| Dewey Decimal Classification | IoT Library | IoT Library | General Stacks | 01/04/2023 | 005.133/DEL/2004 | IOTL0022238 | 01/04/2023 | 13 | 01/04/2023 | Books like text book referance book |